LEADER 00815nam0-22003011i-450- 001 990003140830403321 035 $a000314083 035 $aFED01000314083 035 $a(Aleph)000314083FED01 035 $a000314083 100 $a20000920d1971----km-y0itay50------ba 101 0 $aita 102 $aIT 200 1 $a<>negro e l'Altro$fFrantz Fanon$gPref. di Francis Jeanson. 205 $a2a ed. 210 $aMilano$cIl Saggiatore$d1971. 215 $a281 p.$d19 cm 300 $a[Trad. di: Peau noire et masques blanc, c1952] 676 $a15520 702 1$aFanon,$bFrantz$f<1925-1961> 801 0$aIT$bUNINA$gRICA$2UNIMARC 901 $aBK 912 $a990003140830403321 952 $a15520 FAN$b3378/I$fSES 959 $aSES 996 $aNegro e l'Altro$9455677 997 $aUNINA DB $aING01 LEADER 05610nam 2200781 a 450 001 9910957801003321 005 20250325121921.0 010 $a9786613166081 010 $a9781283166089 010 $a1283166089 010 $a9783110247152 010 $a3110247151 024 7 $a10.1515/9783110247152 035 $a(CKB)2550000000035360 035 $a(EBL)689676 035 $a(OCoLC)732957447 035 $a(SSID)ssj0000530379 035 $a(PQKBManifestationID)11301310 035 $a(PQKBTitleCode)TC0000530379 035 $a(PQKBWorkID)10576713 035 $a(PQKB)10603346 035 $a(MiAaPQ)EBC689676 035 $a(DE-B1597)113773 035 $a(OCoLC)1013966806 035 $a(OCoLC)706866598 035 $a(OCoLC)768164679 035 $a(DE-B1597)9783110247152 035 $a(Au-PeEL)EBL689676 035 $a(CaPaEBR)ebr10468304 035 $a(CaONFJC)MIL316608 035 $a(PPN)175595844 035 $a(EXLCZ)992550000000035360 100 $a20100923d2010 uy 0 101 0 $ager 135 $aur||#|||||||| 181 $ctxt 182 $cc 183 $acr 200 00$aTradition und Erneuerung $emediale Strategien in der Zeit der Flavier /$fhg. von Norbert Kramer und Christiane Reitz 205 $a1st ed. 210 $aBerlin ;$aNew York $cDe Gruyter$dc2010 215 $a1 online resource (664 p.) 225 1 $aBeitra?ge zur Altertumskunde,$x1616-0452 ;$vBd. 285 300 $aDescription based upon print version of record. 311 08$a9783110247145 311 08$a3110247143 320 $aIncludes bibliographical references and index. 327 $aJulius Caesar in Domitianic poetry / Raymond Marks -- Plinius der A?ltere zwischen Tradition und Innovation : Zur "Ideologie" der Naturalis historia / Thorsten Fo?gen -- Der Mythos von Linus und Coroebus in Statius' Thebais : ein aitiologischer Gegenentwurf zur Aeneis / Anke Walter -- Der "flavische Stil" in der ro?mischen Kunst : Einbildung oder Realita?t? / Volker Michael Strocka -- Mythenbilder in Pompeji wa?hrend der Regierungszeit Vespasians im Vergleich zur neronischen Epoche / Ju?rgen Hodske -- Kinder statt Legionen : Die Vorbereitung der Nachfolge Vespasians : Der Befund der Mu?nzen und methodische Bemerkungen zum Umgang mit den literarischen Quellen / Gunnar Seelentag -- The Other Side of the Coin : the Women of the Flavian Imperial Family / Annetta Alexandridis -- Flauius ultimus, caluus Nero : einige Betrachtungen zu Herrscherbild und Panegyrik unter Domitian / Ruurd Nauta -- A?gypten in der Selbstdarstellung der Flavier / Stefan Pfeiffer -- Der Kaiser als Wunderta?ter : Kaiserheil als neue Form der Legitimation / Dorit Engster -- Die Flavier und das Reich / Norbert Kramer -- Das Bild Vespasians und Titus' in den Sta?dten des ro?mischen Imperiums : O?ffentliches Bauwesen und o?ffentliche Ehrungen : Epigraphische Beweise / Javier Andreu -- "Im Theater erkennt man das Wesen eines Volkes" : Dion von Prusa und die symbolische Kommunikation in den Sta?dten des Reiches / Jan Stenger -- "War-epic for a new era : Valerius Flaccus' Argonautica" / Emma Buckley -- Parthersieg und cista mystica : "Tradition" und "Reduktion" in Mu?nzbildern unter Vespasian und Titus : Zwei Fallbeispiele / Lorenz Winkler-Horac?ek -- Auftritt auf einer bedeutungsschweren Bu?hne : Wie sich die Flavier im o?ffentlichen Zentrum der Stadt Rom inszenieren / Susanne Muth -- Ein epigrammatisches Weltwunder : Martial u?ber das Amphitheatrum Flavium / Markus Mu?lke -- Angemessene Bilder und praktischer Sinn der Kunst : Griechische Bildwerke im Templum Pacis / Alessandra Bravi. 330 $aDie Flavier haben nach dem Ende der julisch-claudischen Dynastie und den Wirren des Vierkaiserjahres erstaunlich rasch in Rom und im Reich wieder Stabilität hergestellt. Im Mittelpunkt des Sammelbandes, der thematisch auf eine Rostocker Tagung im Jahre 2008 zurückgeht, steht die Frage nach den medialen Strategien, mit deren Hilfe aus ungünstiger Ausgangslage die Krise überwunden und innen- und außenpolitische Prosperität erreicht und vermittelt werden konnte. 18 Beiträge von Forscherinnen und Forschern aus den Bereichen Klassische Philologie, Archäologie und Alte Geschichte untersuchen u. a., wie sich Literatur und Kunst in der flavischen Epoche in die Tradition einschreiben und doch auch ästhetisch neu orientieren, wie sich die Familie der Flavier mittels Selbstdarstellung als Dynastie erschafft und welche Wege die symbolische Kommunikation zwischen dem Kaiserhaus und den Einheiten des Reiches beschreitet. Der interdisziplinäre gemeinsame Ansatz der Fragestellung verknüpft die einzelnen Untersuchungen so, dass ein Bild dieser komplexen, miteinander verwobenen und aufeinander reagierenden Aktivitäten und Vorgänge entsteht. Die Beiträge in deutscher und englischer Sprache sind mit kurzen Zusammenfassungen versehen. 410 0$aBeitra?ge zur Altertumskunde ;$vBd. 285. 606 $aLatin literature$xHistory and criticism 606 $aEmperors in literature 607 $aRome$xHistory$yFlavians, 69-96 607 $aRome$xHistory$yFlavians, 69-96$vSources 615 0$aLatin literature$xHistory and criticism. 615 0$aEmperors in literature. 676 $a937/.07 676 $a937.07 686 $aFT 12800$2rvk 701 $aKramer$b Norbert$f1967-$01799843 701 $aReitz$b Christiane$0451383 801 0$bMiAaPQ 801 1$bMiAaPQ 801 2$bMiAaPQ 906 $aBOOK 912 $a9910957801003321 996 $aTradition und Erneuerung$94344256 997 $aUNINA LEADER 02399nam 2200529 a 450 001 9910563029403321 005 20240922213715.0 024 7 $a10.3726/b12721 035 $a(CKB)4340000000238772 035 $a(WaSeSS)Ind00078328 035 $a(oapen)https://directory.doabooks.org/handle/20.500.12854/28141 035 $a(MiAaPQ)EBC31203329 035 $a(oapen)doab28141 035 $a(EXLCZ)994340000000238772 100 $a20131010h20121988 || | 101 0 $ager 135 $aur||||||||||| 181 $ctxt$2rdacontent 182 $cc$2rdamedia 183 $acr$2rdacarrier 200 10$aZur Negation im Russischen und Polnischen /$fJuliane Besters-Dilger 210 $aMunich, Germany $cVerlag Otto Sagner$d2012, c1988 215 $a1 online resource (400 p.) 225 1 $aSlavistische Beitra?ge ;$vBand 218 311 08$a3-95479-222-2 320 $aIncludes bibliographical references. 330 $aGegenstand der vorliegenden Untersuchung ist der synchronische Vergleich zweier slavischer Sprachen im Bereich der Negation, eines Teilgebiets der Wortbildungslehre und insbesondere der Syntax, wobei der Terminus "Syntax" auch die u?ber den Satz hinausreichende Textsyntax umfassen soll. Die Arbeit dient somit als Baustein fu?r eine vergleichende Syntax des Russischen und Polnischen, daru?ber hinaus der slavischen Sprachen, in zweiter Linie kann sie ein Hilfsmittel fu?r den Dritt- und Viertsprachenerwerb des deutschsprachigen Slavisten sein, der das Polnische gewo?hnlich nach dem Russischen erlernt. 410 0$aSlavistische Beitra?ge ;$vBand 218. 606 $aRussian language$xGrammar, Comparative$vPolish 606 $aPolish language$xGrammar, Comparative$xRussian 606 $aRussian language$xNegatives 606 $aPolish language$xNegatives 606 $aRussian language$xSyntax 606 $aPolish language$xSyntax 615 0$aRussian language$xGrammar, Comparative 615 0$aPolish language$xGrammar, Comparative$xRussian. 615 0$aRussian language$xNegatives. 615 0$aPolish language$xNegatives. 615 0$aRussian language$xSyntax. 615 0$aPolish language$xSyntax. 700 $aJuliane Besters-Dilger$0893930 801 0$bWaSeSS 801 1$bWaSeSS 906 $aBOOK 912 $a9910563029403321 996 $aZur Negation im Russischen und Polnischen$91996897 997 $aUNINA